| 000 | 004480000a22001690004500 | ||
|---|---|---|---|
| 003 | MACL | ||
| 005 | 20160113125157.0 | ||
| 008 | 160113b xxu||||| |||| 00| 0 eng d | ||
| 040 |
_aMACL _cMACL |
||
| 041 | _aEnglish | ||
| 082 | _a954.767/SIN | ||
| 100 |
_aSinha, Sasadhar _915506 |
||
| 245 | _aIndian Independence in Perspective | ||
| 260 |
_bAsia Publishing House _c1964 _aBombay |
||
| 650 |
_aIndian History _9227 |
||
| 942 |
_cBK _k954.767/Sin _2ddc |
||
| 999 |
_c36202 _d36202 |
||